| 000 | 00446nam a22001577a 4500 | ||
|---|---|---|---|
| 008 | 230511b |||||||| |||| 00| 0 eng d | ||
| 040 |
_aNational Science Library _cNational Science Library |
||
| 080 |
_aR 910(51) _bK3 |
||
| 100 |
_aKlochko, Mikhail A _98737 |
||
| 245 | _aSoviet scientist in China | ||
| 260 |
_aLondon: _bHollis & Carter Ltd, _c1963 |
||
| 300 | _a192p. | ||
| 650 | _aTravel | ||
| 653 | _aNew currents | ||
| 942 |
_2udc _cREF |
||
| 999 |
_c29137 _d29137 |
||